02012nam a2200277 a 4500008004100000050001400041100002200055245007300077250001200150260004100162350000900203650001500212650002500227650002400252995014700276995013900423995014800562995014700710995014700857995014701004995014101151995014701292995013901439995013901578999001701717120416s1976 ||||||||||||||||| || u aHD 31 Glu aGlueck, William F10aBusiness policy: strategy formation and management action. (2nd ed.) a2nd ed. aTokyo:bMacGraw-Hill Kogahushac1976 a0.00 0aMANAGEMENT aSTRATEGIC MANAGEMENT aBUSINESS MANAGEMENT aANNEX COLLECTION (Main Library)D0.00e701809FCBU-MAIN LIBRARY (Kitwe)H8I0.00jHD 31 GluM1UAVAILABLEy000478ZAnnex Low-Usage Collection  aBINDERY (DAMAGED)D0.00e702840FCBU-MAIN LIBRARY (Kitwe)H4I0.00jHD 31 GluM8UDAMAGEDy702840ZMain Library Open Access Collection aANNEX COLLECTION (Main Library)D0.00e701813FCBU-MAIN LIBRARY (Kitwe)H11I0.00jHD 31 GluM4UAVAILABLEy000481ZAnnex Low-Usage Collection  aANNEX COLLECTION (Main Library)D0.00e702841FCBU-MAIN LIBRARY (Kitwe)H6I0.00jHD 31 GluM6UAVAILABLEy000483ZAnnex Low-Usage Collection  aANNEX COLLECTION (Main Library)D0.00e702843FCBU-MAIN LIBRARY (Kitwe)H7I0.00jHD 31 GluM5UAVAILABLEy000482ZAnnex Low-Usage Collection  aANNEX COLLECTION (Main Library)D0.00e701812FCBU-MAIN LIBRARY (Kitwe)H1I0.00jHD 31 GluM3UAVAILABLEy000480ZAnnex Low-Usage Collection  aBINDERY (DAMAGED)D0.00e701814FCBU-MAIN LIBRARY (Kitwe)H10I0.00jHD 31 GluM11UDAMAGEDy701814ZMain Library Open Access Collection aANNEX COLLECTION (Main Library)D0.00e701811FCBU-MAIN LIBRARY (Kitwe)H3I0.00jHD 31 GluM2UAVAILABLEy000479ZAnnex Low-Usage Collection  aBINDERY (DAMAGED)D0.00e702842FCBU-MAIN LIBRARY (Kitwe)H5I0.00jHD 31 GluM9UDAMAGEDy702842ZMain Library Open Access Collection aBINDERY (DAMAGED)D0.00e701808FCBU-MAIN LIBRARY (Kitwe)H2I0.00jHD 31 GluM7UDAMAGEDy701808ZMain Library Open Access Collection c79058d79058